01081cam a22003255i 450000100090000000300050000900500170001400800410003101000170007202000310008902000180012003800130013804000230015104200080017408200150018210000340019724501640023125000180039526300090041326400470042230000130046933600260048233700280050833800270053656300140056390600450057794200120062299900190063495201020065319092011NUST20220113174341.0160512s2016 cau 000 0 eng  a 2016941562 a9780134306414 (alk. paper) a9780134580852 aMuzammil aDLCbengerdacDLC apcc a604.2bTEC1 aGiesecke, Frederick E.98836810aTechnical drawing with engineering graphics /cFrederick E. Giesecke, Alva Mitchell, Henry Cecil Spencer ; [edited by] Greg Weigand, Laura Lewin, Lisa McClain. a15th edition. a1606 1aSan Francisco, CA :bPrentice Hall,c2016. apages cm atextbtxt2rdacontent aunmediatedbn2rdamedia avolumebnc2rdacarrier ahardcover a0bibccorignewd2eepcnf20gy-gencatlg 2ddccBK c587602d587602 00102ddc4070aSMMEbSMMEcGENd2022-01-13l0o604.2 TECpSMME-3680r2022-01-13w2022-01-13yBK